000 01695cam a22004694i 4500
003 PE-LiUPU
005 20250731173532.0
008 150616s r 000 0 d
020 _a0801025729
035 _a(Sirsi) i9780801025723
040 _aPE-LiUPU
_bspa
_cPE-LiUPU
_erda
049 _aPRUA
082 0 4 _a227.924
_bCh18
_221
100 1 _aChamblin, J. Knox,
_eautor.
245 1 0 _aPaul and The Self /
_cJ. Knox Chamblin.
264 1 _aGrand Rapids, Michigan :
_bBaker Books,
_c1993.
300 _a285 páginas ;
_c23 centímetros
336 _atext
_2rdacontent
337 _aunmediated
_2rdamedia
338 _avolume
_2rdacarrier
505 0 _aLearning to read Paul.- God, the self, and sin.- The saving work of Christ.- Life in the son.- The conquest of pride.- Freedom in slavery.- The christian struggle.- Power in weakness.- Life in community.
526 _aSEG42
526 _aSEG41
526 _aSEG40
526 _aSEG39
526 _aP94
526 _aP87
526 _aP86
526 _aP85
526 _aP77
526 _aP76
526 _aP35
600 1 _aPablo de Tarso,
_d2 a. C -- c. 66 d. C.
630 _aBiblia.
_pN.T.
_pEpístolas de Pablo
_xTEOLOGIA.
910 _ajck
_bjvq
_cjck
942 _2ddc
_cBOOK
949 _a227.924 CH18
_wDEWEY
_c1
_i42302
_lCCODEBUL1
_mBUL
_r0
_sY
_tBOOK
_u2015-6-16
_xTEOLOGIA
_zUNKNOWN
_0COMPRA
_o.STAFF. Colección General
994 _aC0
_bPEPRU
596 _a1
999 _a227.924 CH18
_wDEWEY
_c60134
_i42302
_f2021-11-9
_g5
_lCCODEBUL1
_mBUL
_r0
_sY
_tBOOK
_u2015-6-16
_xTEOLOGIA
_zUNKNOWN
_0COMPRA
_o.STAFF. Colección General
_d60134
980 _81
_gALBERTO SANCHEZ Responsable de Automatización